|
|
|
|
| LEADER |
00000nam0a2200000 4500 |
| 001 |
358610 |
| 005 |
20231102011118.0 |
| 035 |
|
|
|a (RuTPU)RU\TPU\retro\15881
|
| 090 |
|
|
|a 358610
|
| 100 |
|
|
|a 20200820d1975 km y0rusy50 ca
|
| 101 |
1 |
|
|a eng
|c rus
|
| 102 |
|
|
|a RU
|
| 105 |
|
|
|a a g 001zy
|
| 200 |
1 |
|
|a Справочник по высшей математики
|f М. Я. Выгодский
|g пер. Г. Янковского
|
| 210 |
|
|
|a Москва
|c Наука
|d 1975
|
| 215 |
|
|
|a 873 с.
|c ил.
|
| 300 |
|
|
|a На англ. яз.
|
| 320 |
|
|
|a Указатели: с. 858-872
|
| 510 |
1 |
|
|a Mathematical Handbook. Higher Mathematics
|z eng
|
| 606 |
1 |
|
|a Математика высшая
|2 stltpush
|3 (RuTPU)RU\TPU\subj\3986
|9 32308
|
| 610 |
1 |
|
|a аналитическая геометрия
|
| 610 |
1 |
|
|a плоскости
|
| 610 |
1 |
|
|a пространства
|
| 610 |
1 |
|
|a математический анализ
|
| 610 |
1 |
|
|a дифференциальное исчисление
|
| 610 |
1 |
|
|a интегральное исчисление
|
| 610 |
1 |
|
|a ряды
|
| 610 |
1 |
|
|a дифференциальные уравнения
|
| 610 |
1 |
|
|a кривые
|
| 610 |
1 |
|
|a справочники
|
| 610 |
1 |
|
|a английский язык
|
| 675 |
|
|
|a 51(035)
|v 4
|
| 700 |
|
1 |
|a Выгодский
|b М. Я.
|
| 702 |
|
1 |
|a Янковский
|b Г.
|4 730
|
| 801 |
|
1 |
|a RU
|b 63413507
|c 20200820
|
| 801 |
|
2 |
|a RU
|b 63413507
|c 20210317
|g RCR
|
| 942 |
|
|
|c BK
|